An investigation into cognitive metaphors of “homeland” in trinh cong son’s versus bob dyland’s songs. /
Adopting Lakoff and Johnson’s famous Conceptual Metaphor Theory, the study looked into an investigation into the Cognitive metaphors of “Homeland” in Trinh Cong Son’s and Bob Dylan’s songs. The corpus comprises over 780 songs composed by Trinh Cong Son and Bob Dylan. The research was conducted by me...
সংরক্ষণ করুন:
| প্রধান লেখক: | |
|---|---|
| অন্যান্য লেখক: | |
| বিন্যাস: | গ্রন্থ |
| ভাষা: | English |
| প্রকাশিত: |
ĐHĐN :
ĐHĐN.
2015
|
| বিষয়গুলি: | |
| ট্যাগগুলো: |
ট্যাগ যুক্ত করুন
কোনো ট্যাগ নেই, প্রথমজন হিসাবে ট্যাগ করুন!
|
| Thư viện lưu trữ: | Mạng thư viện Đại học Đà Nẵng |
|---|
| LEADER | 03811nam a22003851a 4500 | ||
|---|---|---|---|
| 001 | 000035459 | ||
| 003 | 11745 | ||
| 005 | 20230110143048.0 | ||
| 008 | 160106s2015 000 eng | ||
| 040 | |a LNN | ||
| 041 | |a eng | ||
| 082 | |a 420.808 |b NG-V | ||
| 100 | |a Nguyễn,Thị Việt | ||
| 245 | 3 | |a An investigation into cognitive metaphors of “homeland” in trinh cong son’s versus bob dyland’s songs. / |c Nguyễn Thị Việt; Đinh Thị Minh Hiền supervisor. | |
| 260 | |c 2015 |a ĐHĐN : |b ĐHĐN. | ||
| 300 | |a 110tr . : ; |c 30cm+. | ||
| 500 | |a Master thesis in social sciences and humanitices | ||
| 520 | |a Adopting Lakoff and Johnson’s famous Conceptual Metaphor Theory, the study looked into an investigation into the Cognitive metaphors of “Homeland” in Trinh Cong Son’s and Bob Dylan’s songs. The corpus comprises over 780 songs composed by Trinh Cong Son and Bob Dylan. The research was conducted by means of questionnaires and interviews. The results showed how the two authors made use of metaphorical expressions of “Homeland” in their songs and hence, some similarities and differences between the two languages were explored as well. The author uses some methods in this study. However, the qualitative and quantitative are regarded as the two main approaches for the survey. It is expected that the findings will find out Cognitive Metaphors denoting the concept of “Homeland” in Trinh Cong Son’s versus Bob Dylan’s songs. Also, the researcher hopes interpret the similarities and differences of songs composed by Trinh Cong Son and Bob Dylan in terms of Cognitive Metaphors. | ||
| 650 | |a investigation into cognitive metaphors of “homeland” in trinh cong son’s versus bob dyland’s songs. | ||
| 653 | |a cognitive metaphors |a homeland | ||
| 700 | |a Đinh Thị MInh Hiền |e supervisor | ||
| OWN | |a LNN | ||
| 902 | |a Luận văn thạc sĩ | ||
| AVA | |a UDN50 |b LNN |c English |d 420.808 NG-V |e available |t Error 5001 Not defined in file expand_doc_bib_avail. |f 1 |g 0 |h N |i 0 |j AN |k 1 | ||
| Z40 | 3 | |y An investigation into cognitive metaphors of “homeland” in trinh cong son’s versus bob dyland |l Library of UFL |t VIEW |x http://catalog.udn.vn:80/F?func=service&doc_library=UDN01&local_base=UDN01&doc_number=000035459&sequence=000001&line_number=0001&func_code=DB_RECORDS&service_type=MEDIA |f TOMTAT_000011784.pdf |e pdf |s 000451614 |k 20210806 |m NTMTHI | |
| Z40 | 3 | |y An investigation into cognitive metaphors of “homeland” in trinh cong son’s versus bob dyland |l Library of UFL |t VIEW |x http://catalog.udn.vn:80/F?func=service&doc_library=UDN01&local_base=UDN01&doc_number=000035459&sequence=000002&line_number=0002&func_code=DB_RECORDS&service_type=MEDIA |f LUANVAN_000011786.pdf |e pdf |s 001120181 |k 20210806 |m NTMTHI | |
| 999 | |a From the UDN01 | ||
| AVA | |a UDN50 |b LNN |c English |d 420.808 NG-V |e available |t Error 5001 Not defined in file expand_doc_bib_avail. |f 1 |g 0 |h N |i 0 |j AN |k 1 | ||
| TYP | |a Monograph | ||
| TYP | |a Printed language | ||
| 856 | |y An investigation into cognitive metaphors of “homeland” in trinh cong son’s versus bob dyland |l Library of UFL |t VIEW |x http://catalog.udn.vn:80/F?func=service&doc_library=UDN01&local_base=UDN01&doc_number=000035459&sequence=000001&line_number=0001&func_code=DB_RECORDS&service_type=MEDIA |f TOMTAT_000011784.pdf |e pdf |s 000451614 |k 20210806 |m NTMTHI | ||
| 856 | |y An investigation into cognitive metaphors of “homeland” in trinh cong son’s versus bob dyland |l Library of UFL |t VIEW |x http://catalog.udn.vn:80/F?func=service&doc_library=UDN01&local_base=UDN01&doc_number=000035459&sequence=000002&line_number=0002&func_code=DB_RECORDS&service_type=MEDIA |f LUANVAN_000011786.pdf |e pdf |s 001120181 |k 20210806 |m NTMTHI | ||
| 980 | |a Mạng thư viện Đại học Đà Nẵng | ||